Pokémon - Les attaques de Pomdrapi - Statistiques

Statistiques générales
  • Ce quiz a été pris 11 fois
  • Le résultat moyen est 10 sur 17
Statistiques - réponses
Niveaux Types Noms des attaques % Correct
Niveau 44 Dragon Draco-Charge
100%
Niveau 28 Dragon Draco-Choc
100%
Niveau 40 Vol Vol
100%
Niveau 20 Dragon Draco-Souffle
83%
Départ Eau Repli
83%
Niveau 8 Vol Acrobatie
67%
Évolution Vol Cru-Ailes
67%
Niveau 4 Poison Bombe Acide
50%
Niveau 24 Dragon Danse Draco
50%
Départ Spectre Étonnement
50%
Niveau 32 Plante Force G
50%
Départ Dragon Ouragan
50%
Niveau 12 Plante Vampigraine
50%
Départ Normal Croissance
33%
Niveau 36 Acier Mur de Fer
33%
Niveau 16 Normal Abri
0%
Départ Normal Recyclage
0%
Aucun quiz correspondant
Distribution des résultats
% des personnes avec chaque résultat
Percentile par nombre de réponses
Votre historique - résultats
Vous n’avez pas pris ce quiz